Sociologie du handicap (notice n° 1568644)
[ vue normale ]
| 000 -LEADER | |
|---|---|
| fixed length control field | 01052cam a2200133 4500500 |
| 005 - DATE AND TIME OF LATEST TRANSACTION | |
| control field | 20251214005053.0 |
| 041 ## - LANGUAGE CODE | |
| Language code of text/sound track or separate title | fre |
| 042 ## - AUTHENTICATION CODE | |
| Authentication code | dc |
| 100 10 - MAIN ENTRY--PERSONAL NAME | |
| Personal name | Blanc, Alain |
| Relator term | author |
| 245 00 - TITLE STATEMENT | |
| Title | Sociologie du handicap |
| 260 ## - PUBLICATION, DISTRIBUTION, ETC. | |
| Name of publisher, distributor, etc. | Armand Colin,<br/> |
| Date of publication, distribution, etc. | 2015.<br/> |
| 520 ## - SUMMARY, ETC. | |
| Summary, etc. | Cet ouvrage propose une perspective d’ensemble pour construire une sociologie du handicap. Son approche associe trois dimensions : la production sociale du handicap à travers les deux temps nécessaires à sa définition - un corps défaillant et un environnement inhospitalier ; la reconnaissance et la prise en charge des handicapés à travers les actions associatives, médico-administratives et publiques ; l’accueil des personnes handicapées au sein de la collectivité, l’altération des interactions et l’imaginaire de la séparation qui en découle. Cette 2e édition,augmentée d'une postface , prend en compte l'évolution des prises en charge. |
| 856 41 - ELECTRONIC LOCATION AND ACCESS | |
| Uniform Resource Identifier | <a href="https://shs.cairn.info/sociologie-du-handicap--9782200602857?lang=fr&redirect-ssocas=7080">https://shs.cairn.info/sociologie-du-handicap--9782200602857?lang=fr&redirect-ssocas=7080</a> |
Pas d'exemplaire disponible.




Réseaux sociaux